Model building in mathematical programming/ (Record no. 9093)

MARC details
000 -LEADER
fixed length control field 00552nam a22001937a 4500
003 - CONTROL NUMBER IDENTIFIER
control field OSt
005 - DATE AND TIME OF LATEST TRANSACTION
control field 20240708150503.0
008 - FIXED-LENGTH DATA ELEMENTS--GENERAL INFORMATION
fixed length control field 240708b |||||||| |||| 00| 0 eng d
020 ## - INTERNATIONAL STANDARD BOOK NUMBER
International Standard Book Number 978047997887
040 ## - CATALOGING SOURCE
Transcribing agency MUST
082 ## - DEWEY DECIMAL CLASSIFICATION NUMBER
Classification number 519.7 WIL 2000
100 ## - MAIN ENTRY--PERSONAL NAME
Personal name Williams paul H
9 (RLIN) 18513
245 ## - TITLE STATEMENT
Title Model building in mathematical programming/
Statement of responsibility, etc. H. Paul Williams
260 ## - PUBLICATION, DISTRIBUTION, ETC. (IMPRINT)
Place of publication, distribution, etc. New York
Name of publisher, distributor, etc. John and Willew and sons
Date of publication, distribution, etc. 1978
300 ## - PHYSICAL DESCRIPTION
Extent vii,354p;
Other physical details ill.
Dimensions 23cm.
504 ## - BIBLIOGRAPHY, ETC. NOTE
Bibliography, etc References and indexes included
650 ## - SUBJECT ADDED ENTRY--TOPICAL TERM
Source of heading or term mathematics
942 ## - ADDED ENTRY ELEMENTS (KOHA)
Source of classification or shelving scheme Dewey Decimal Classification
Koha item type Open Shelf
Holdings
Withdrawn status Lost status Source of classification or shelving scheme Damaged status Not for loan Home library Current library Date acquired Source of acquisition Inventory number Total Checkouts Full call number Barcode Date last seen Price effective from Koha item type
    Dewey Decimal Classification     Faculty of Management Science Library Faculty of Management Science Library 08/07/2024 purchase o5/25016   519.7 WIL 2000 2024-21825 08/07/2024 08/07/2024 Open Shelf
    Dewey Decimal Classification     Faculty of Management Science Library Faculty of Management Science Library 08/07/2024 purchase 05/25014   519.7 WIL 2000 2024-21826 08/07/2024 08/07/2024 Open Shelf
    Dewey Decimal Classification     Faculty of Management Science Library Faculty of Management Science Library 08/07/2024 purchase 05/25015   519.7 WIL 2000 2024-21827 08/07/2024 08/07/2024 Open Shelf